Statistics for Countries’ former names

Click here to take the quiz!

General Stats

  • This quiz has been taken 20 times
  • The average score is 9 of 12

Answer Stats

HintAnswer% Correct
British RajIndia
100%
PersiaIran
100%
SiamThailand
100%
ZaireDemocratic Republic of the Congo
89%
Weimar RepublicGermany
89%
CeylonSri Lanka
84%
Khmer RougeCambodia
79%
IndochinaVietnam
74%
Trucial OmanUnited Arab Emirates
68%
Gold CoastGhana
63%
Upper VoltaBurkina Faso
42%
Pleasant IslandNauru
26%

Score Distribution

Percentile by Number Answered

Percent of People with Each Score

Your Score History

You have not taken this quiz